Statistiques concernant Musique les plus écoutés de David Guetta

Cliquez ici pour prendre le quiz!

Statistiques générales

  • Ce quiz a été pris 39 fois
  • Le résultat moyen est 5 sur 20

Statistiques - réponses

StreamsMusique% Correct
1,596,109,015Titanium
70%
453,152,824Dangerous
52%
890,332,420Memories
52%
865,066,395Sexy Bitch
52%
1,569,858,976I'm Good
36%
535,531,260Play Hard
36%
594,305,612Bad
30%
817,954,563Hey Mama
24%
598,025,028Say My Name
21%
460,968,585When Love Takes Over
21%
459,758,073Baby Don't Hurt Me
15%
572,441,916Where Them Girls At
15%
635,528,825Flames
12%
465,136,728Like I Do
12%
453,656,971Without You
12%
814,085,3402U
9%
499,858,612This One's For You
9%
472,766,284BED
6%
540,608,401Club Can't Handle Me
6%
477,608,394Heartbreak Anthem
3%

Distribution des résultats

Percentile par nombre de réponses

% des personnes avec chaque résultat

Votre développement - résultats

Vous n’avez pas pris ce quiz